ONUSAL: XIII informe de derechos humanos (primera parte)
Gespeichert in:
| Format: | Text |
|---|---|
| Schlagworte: | |
| Tags: |
Tag hinzufügen
Keine Tags, Fügen Sie den ersten Tag hinzu!
|
MARC
| LEADER | 00000 a a2200000 04500 | ||
|---|---|---|---|
| 001 | 5951 | ||
| 003 | |||
| 040 | |||
| 245 | |a ONUSAL: |b XIII informe de derechos humanos (primera parte) | ||
| 650 | |a DERECHOS HUMANOS | ||
| 650 | |a ONU | ||
| 650 | |a INFORMES | ||
| 650 | |a INSTITUCIONES PUBLICAS | ||
| 650 | |a POLICIA | ||
| 650 | |a PROBLEMAS SOCIALES | ||
| 773 | |g volumen 15, número 658; páginas 14-16 | ||
| 999 | |c 25615 |d 25615 | ||
